000 01155cab a22002055a 4500
001 L148657
008 091015e20091009xxkdo f 000 0 eng d
035 _a(Sirsi) u148657
041 0 _aeng
100 1 _aEade, Christine
245 0 0 _aMarkets
_bIreland
260 _c2009
490 0 _aProperty Week
_v75(41) 9 October 2009, 61-67(5)
520 _aThe National Asset Management Agency will shortly name Ireland's 25 worst hit property developers and put valuation work out to tender. Northern Ireland searches for Euros 4.8bn borrowed from the five Irish banks, spent by property developers and investors in the province. Foreign investment brings hope to Dublin's retail investment market and low rents breathe life into its office market. John Lewis's proposed first store in Northern Ireland, the Sprucefield scheme in Belfast, faces strong opposition. Northern Irish developers have raised objections to the extension of the Titanic Quarter, the office-led, mixed-use waterside scheme in Belfast.
590 _aKA
651 4 _aDublin
651 4 _aBelfast
690 _aPROPERTY-COMMERCIAL PROPERTY-COMMERCIAL PROPERTY MARKET
942 _n0
999 _c81920
_d81920